logo

Bir Sreshtho Munshi Abdur Rouf Library
Jhenaidah Cadet College

Scince Experiments with Simple Equipment / (Record no. 5483)

MARC details
000 -LEADER
fixed length control field 00574nam a2200217 a 4500
001 - CONTROL NUMBER
JCCL Control Number 5483
003 - CONTROL NUMBER IDENTIFIER
JCCL marc code BD-JhCC
005 - DATE AND TIME OF LATEST TRANSACTION
control field 20171217112134.0
008 - FIXED-LENGTH DATA ELEMENTS--GENERAL INFORMATION
fixed length control field 171217s19601962j a|||| || | 000 0 eng d
035 ## - SYSTEM CONTROL NUMBER
system control number (BD-JhCC)5483
040 ## - CATALOGING SOURCE
Original cataloging agency BD-JhCC
Modifying agency BD-JhCC
041 ## - LANGUAGE CODE
Language code of Book eng
082 ## - DEWEY DECIMAL CLASSIFICATION NUMBER
Classification number 507.8
Author mark and Year sci 1962
245 ## - TITLE STATEMENT
Title Scince Experiments with Simple Equipment /
Statement of responsibility, etc Modern Asia,
260 ## - PUBLICATION, DISTRIBUTION, ETC. (IMPRINT)
Place of publication, distribution, etc Tokyo :
Name of publisher, distributor, etc Charles E. Tuttle Company,
Date of publication, distribution, etc 1962.
300 ## - PHYSICAL DESCRIPTION
Pagination 221 p .:
Other physical details ill. ;
Dimensions 23 cm.
650 ## - SUBJECT ADDED ENTRY--TOPICAL TERM
Topical term or geographic name as entry element Science
General subdivision Experiments
700 ## - ADDED ENTRY--PERSONAL NAME
Personal name Asia, Modern
942 ## - ADDED ENTRY ELEMENTS (KOHA)
Source of classification or shelving scheme Dewey Decimal Classification
Koha item type Books
Holdings
Source of classification or shelving scheme Damaged status Not for loan Home library Current library Shelving location Total Checkouts Full call number Barcode Date last seen Copy number Koha item type
Dewey Decimal Classification     JCC Rouf Library JCC Rouf Library General Stacks   507.8 SCI 1962 7555 12/17/2017 C - 1 Books

JCC Library | Contacts | JCC Home

Last Update on 23 September 2017
Copyright @ 2017-2020 JCC Rouf Library
Rouf Library, Jhenidah Cadet College (JCC), Bangladesh